| 000 | 00647nam a2200205 a 4500 | ||
|---|---|---|---|
| 005 | 20220531063630.0 | ||
| 008 | 020121s1999 es r 000 0 spa d | ||
| 020 | _a8478842055 | ||
| 035 | _aUPN01000114798 | ||
| 049 | _aCG | ||
| 050 | 4 |
_aPC4143 _bC3.5 |
|
| 100 | 1 |
_aCalero B., Mercedes _936548 |
|
| 245 | 1 | 0 |
_aManual didáctico de ortografía : _badaptado a las nuevas normas ortográficas de la Real Academia Española del año 1999 / _cMercedes Calero B. |
| 260 |
_aMadrid : _bPopular, _c[1999]. |
||
| 300 | _a169 p. | ||
| 440 | 0 | _aPapel de prueba | |
| 440 | 0 | _aLibros de apoyo | |
| 650 | 7 |
_aEspañol _xOrtografía _2 _912600 |
|
| 905 | _aLibro | ||
| 999 |
_c88603 _d88603 |
||